Funkcie kritických infraštruktúr pri zabezpečovaní prevádzkyschopnosti podnikateľských subjektov
Pojmy podniková infraštruktúra a kritická infraštruktúra. Normy a normatívy kritickej infraštruktúry podniku. Funkcie kritickej infraštruktúry podniku. Vnútropodniková regulácia kritickej infraštruktúry.
Saved in:
| Main Author: | |
|---|---|
| Format: | Book Chapter |
| Language: | Slovak |
| Subjects: | |
| Tags: |
No Tags, Be the first to tag this record!
|
MARC
| LEADER | 00000naa a2200000 4500 | ||
|---|---|---|---|
| 001 | 0148188 | ||
| 005 | 20231018092515.1 | ||
| 041 | 0 | |a slo | |
| 044 | |a SK | ||
| 245 | 1 | 0 | |a Funkcie kritických infraštruktúr pri zabezpečovaní prevádzkyschopnosti podnikateľských subjektov |c Vladimír Gozora |
| 520 | |a Pojmy podniková infraštruktúra a kritická infraštruktúra. Normy a normatívy kritickej infraštruktúry podniku. Funkcie kritickej infraštruktúry podniku. Vnútropodniková regulácia kritickej infraštruktúry. | ||
| 610 | 2 | 0 | |a podnik |
| 610 | 2 | 0 | |a infraštruktúra |
| 610 | 2 | 0 | |a infraštruktúra výrobná |
| 610 | 2 | 0 | |a prosperita ekonomická |
| 100 | 1 | |a Gozora, Vladimír | |